<?xml version="1.0" encoding="UTF-8"?><?xml-stylesheet type="text/xsl" href="static/style.xsl"?><OAI-PMH xmlns="http://www.openarchives.org/OAI/2.0/" xmlns:xsi="http://www.w3.org/2001/XMLSchema-instance" xsi:schemaLocation="http://www.openarchives.org/OAI/2.0/ http://www.openarchives.org/OAI/2.0/OAI-PMH.xsd"><responseDate>2026-06-29T01:21:49Z</responseDate><request verb="GetRecord" identifier="oai:docta.ucm.es:20.500.14352/137473" metadataPrefix="marc">https://docta.ucm.es/rest/oai/request</request><GetRecord><record><header><identifier>oai:docta.ucm.es:20.500.14352/137473</identifier><datestamp>2026-06-18T23:48:47Z</datestamp><setSpec>com_20.500.14352_14</setSpec><setSpec>col_20.500.14352_21</setSpec></header><metadata><record xmlns="http://www.loc.gov/MARC21/slim" xmlns:dcterms="http://purl.org/dc/terms/" xmlns:xsi="http://www.w3.org/2001/XMLSchema-instance" xmlns:doc="http://www.lyncode.com/xoai" xsi:schemaLocation="http://www.loc.gov/MARC21/slim http://www.loc.gov/standards/marcxml/schema/MARC21slim.xsd">
   <leader>00925njm 22002777a 4500</leader>
   <datafield ind2=" " ind1=" " tag="042">
      <subfield code="a">dc</subfield>
   </datafield>
   <datafield ind2=" " ind1=" " tag="720">
      <subfield code="a">Ruiz Sanjuan, César</subfield>
      <subfield code="e">author</subfield>
   </datafield>
   <datafield ind2=" " ind1=" " tag="260">
      <subfield code="c">2015</subfield>
   </datafield>
   <datafield ind2=" " ind1=" " tag="520">
      <subfield code="a">Marx bezeichnet seine Methode als "dialektisch“ und kennzeichnet auch die Form seiner Darstellung als „dialektisch“. Es handelt sich bei ihm – entgegen aller spekulativen Dialektik – um eine wissenschaftliche Dialektik. Die grundlegende Schwierigkeit bei der Untersuchung der Bedeutung von Dialektik in der Marxschen Theorie liegt darin, dass keine Stelle in seinem Werk zu finden ist, an der er eine systematische Erklärung seiner Dialektik gibt. Er bezieht sich an verschiedenen Textstellen auf seine dialektische Methode und bringt sie in Verbindung mit der Hegelschen, gleichzeitig grenzt er sie gegenüber Hegels Dialektik stark ab. Doch handelt es sich dabei immer nur um all-gemeine Hinweise und nicht um genaue Erklärungen.
Daher kann man nicht von einer festgelegten Bestimmung der Dialektik ausgehen und von dieser aus die Marxschen Texte interpretieren, man muss vielmehr sein Verständnis von Dialektik aus seinen Texten selbst entnehmen. Dabei stößt man auf das Problem, welche der Marxschen Texten man zur Untersuchung heranziehen soll, da er sich mit der Dialektik in verschiedenen Phasen seiner geistigen Entwicklung beschäftigt hat. Es muss also zunächst bestimmt werden, ob seine Auffassung von Dialektik im Wesentlichen unverändert blieb, so dass bei der Rekonstruktion seines Verständnisses von Dialektik auf sein komplettes Werk zurückgegriffen werden kann; oder ob es tiefgreifende Veränderungen in seiner Denkweise gab: in diesem Fall müssen jene Texte ausgeschlossen werden, in denen eine überwundene Auffassung vorkommt. Daher muss es zunächst die Beziehung der Marxschen Frühschriften zu seinem späteren Werk diskutiert werden.</subfield>
   </datafield>
   <datafield ind1="8" ind2=" " tag="024">
      <subfield code="a">Ruiz Sanjuán, C. (2015): “Die Bedeutung der dialektischen Darstellung in Marx’ Kritik der politischen Ökonomie”, en R. Hecker, R. Sperl, C.E. Vollgraf eds., Marx’ Sechs-Bücher-Plan: Eine Debatte, Hamburg, Argument Verlag, pp. 129-149.</subfield>
   </datafield>
   <datafield ind1="8" ind2=" " tag="024">
      <subfield code="a">978-3-86754-681-2</subfield>
   </datafield>
   <datafield ind1="8" ind2=" " tag="024">
      <subfield code="a">0232-8577</subfield>
   </datafield>
   <datafield ind1="8" ind2=" " tag="024">
      <subfield code="a">https://hdl.handle.net/20.500.14352/137473</subfield>
   </datafield>
   <datafield ind1="8" ind2=" " tag="024">
      <subfield code="a">https://argument.de/produkt/beitraege-zur-marx-engels-forschung-neue-folge-2013-marx-sechs-buecher-plan-eine-debatte/</subfield>
   </datafield>
   <datafield ind1="8" ind2=" " tag="024">
      <subfield code="a">https://produccioncientifica.ucm.es/documentos/69eb1eb90d95581bdf4ce651</subfield>
   </datafield>
   <datafield ind1="8" ind2=" " tag="024">
      <subfield code="a">https://marxforschung.de/beitrage-zur-marx-engels-forschung-nf-2013</subfield>
   </datafield>
   <datafield ind2="0" ind1="0" tag="245">
      <subfield code="a">Die bedeutung der dialektischen darstellung in Marx’ kritik der politischen ökonomie</subfield>
   </datafield>
</record></metadata></record></GetRecord></OAI-PMH>